000 01026nam a2200193 i 4500
001 189527
003 ES-MaACL
005 20251014063307.0
008 190606s1868 po f |||| | por d
100 1 _aCosta, Francisco A. Pereira da,
_d1809-1889
_9167301
245 1 0 _aNoticia de alguns martellos de pedra, e outros objectos, que foram descobertos em trabalhos antigos da mina de cobre de Ruy Gomes no Alemtejo /
_cpor F.A. Pereira da Costa.
260 _a[Lisboa :
_bJornal de sciencias mathematicas, physicas e naturaes,
_c1868]
300 _a4 p., [1] h. de lám. ;
_c24 cm.
595 _aExtracto de: Jornal de sciencias mathematicas, physicas e naturaes, 1868, n. V.
599 _aLám.: litogr. de Vasques & C.ª.
651 4 _aPortugal-
_xRestos arqueológicos.
_9137322
852 _aES-MaACL
_jL-32428(4)
_z- Enc. cart.
_z- Legado Federico de Botella y de Hornos
_z- Enc. en 1 vol. facticio, con nombre en el lomo de: "Portugal: geología, memorias y documentos varios"
999 _c189527
_d189527